000 00364nam a22001577a 4500
005 20181006122602.0
008 181006b xxu||||| |||| 00| 0 eng d
020 _a978-81-7164-096-6
041 _aeng
100 _aICAR
_94882
245 _aHandbook of Agriculture
260 _aDelhi
_bICAR
_c2017
300 _a1617
650 _aAgriculture
_92837
942 _cBK
999 _c5751
_d5749